| 000 | 01206nam a2200301Ia 4500 | ||
|---|---|---|---|
| 001 | ebr2001744 | ||
| 003 | CaPaEBR | ||
| 006 | m u | ||
| 007 | cr cn||||||||| | ||
| 008 | 030217s2001 enk s 000 1 eng d | ||
| 020 | _z1843271281 | ||
| 040 |
_aCaPaEBR _cCaPaEBR |
||
| 035 | _a(OCoLC)70722414 | ||
| 050 | 1 | 4 |
_aPR5078 _b.D4 2001eb |
| 100 | 1 |
_aMorris, William, _d1834-1896. |
|
| 245 | 1 | 4 |
_aThe Defence of Guenevere and other poems _h[electronic resource] / _cWilliam Morris. |
| 260 |
_aLondon : _bElectric Book Co., _cc2001. |
||
| 300 | _a146 p. | ||
| 500 | _a"1858." | ||
| 500 | _a"Transcribed from Prose and Poetry (1856-1870) by William Morris, Oxford University Press 1920." | ||
| 533 |
_aElectronic reproduction. _bPalo Alto, Calif. : _cebrary, _d2009. _nAvailable via World Wide Web. _nAccess may be limited to ebrary affiliated libraries. |
||
| 600 | 1 | 0 |
_aMorris, William, _d1834-1896. |
| 650 | 0 |
_aArthurian romances _vAdaptations. |
|
| 650 | 0 |
_aEnglish poetry _y19th century. |
|
| 655 | 7 |
_aElectronic books. _2local |
|
| 710 | 2 | _aebrary, Inc. | |
| 856 | 4 | 0 |
_uhttp://site.ebrary.com/lib/rucke/Doc?id=2001744 _zAn electronic book accessible through the World Wide Web; click to view |
| 999 |
_c127682 _d127682 |
||